[Event "AUT-chT2O 1415"]
[Site "Austria"]
[Date "2015.03.07"]
[Round "10.3"]
[White "Allram, Sebastian"]
[Black "Rogetzer, Klaus"]
[Result "1-0"]
[WhiteElo "2004"]
[BlackElo "2111"]
[PlyCount "81"]
[EventDate "2014.10.18"]
[EventType "team-tourn"]
[EventRounds "11"]
[EventCountry "AUT"]
[SourceTitle "EXT 2016"]
[Source "ChessBase"]
[SourceDate "2015.10.08"]
[SourceVersion "1"]
[SourceVersionDate "2015.10.08"]
[SourceQuality "1"]
[WhiteTeam "Zwettl"]
[BlackTeam "Austria"]
[WhiteTeamCountry "AUT"]
[BlackTeamCountry "AUT"]

1. c4 Nf6 2. Nc3 g6 3. d3 d5 4. cxd5 Nxd5 5. e4 Nxc3 6. bxc3 c5 7. Bb2 Bg7 8. Be2 Nc6 9. Nf3 0-0 10. 0-0 Qa5 11. Qc2 Bd7 12. Nd2 Ne5 13. f4 Ng4 14. Nc4 Qc7 15. Bxg4 Bxg4 16. f5 Bh6 17. h3 b5 18. Na3 Be3+ 19. Kh1 Rad8 20. hxg4 gxf5 21. Qe2 f4 22. Nc2 Rd6 23. g5 Rfd8 24. Nxe3 fxe3 25. d4 Re6 26. Qxe3 cxd4 27. cxd4 Qc2 28. Qc3 Qxc3 29. Bxc3 Rxe4 30. Rae1 Rxe1 31. Rxe1 e6 32. Re5 a6 33. Kh2 Kg7 34. d5 b4 35. Bxb4 exd5 36. Be7 Rd7 37. g4 d4 38. Bf6+ Kg6 39. Re8 h6 40. Rg8+ Kh7 41. Rh8+ 1-0

[Event "Donau op 23rd"]
[Site "Aschach"]
[Date "2014.12.26"]
[Round "1"]
[White "Allram, Sebastian"]
[Black "Schwabeneder, Florian"]
[Result "0-1"]
[WhiteElo "2003"]
[BlackElo "2377"]
[PlyCount "52"]
[EventDate "2014.12.26"]
[EventType "swiss"]
[EventRounds "7"]
[EventCountry "AUT"]
[SourceTitle "CBM 164 Extra"]
[Source "ChessBase"]
[SourceDate "2015.03.02"]
[SourceVersion "1"]
[SourceVersionDate "2015.03.02"]
[SourceQuality "1"]

1. c4 e5 2. Nc3 Nf6 3. d3 d5 4. cxd5 Nxd5 5. Nf3 Nc6 6. g3 Be7 7. Bg2 Be6 8. 0-0 Nb6 9. a3 0-0 10. b4 a5 11. b5 Nd4 12. Rb1 f6 13. e3 Nxf3+ 14. Bxf3 Qd7 15. Qc2 Rad8 16. Rd1 Bg4 17. Bxg4 Qxg4 18. Ne4 f5 19. Nd2 f4 20. Bb2 fxe3 21. fxe3 Qe2 22. Qb3+ Kh8 23. Nf1 Rf2 24. Rd2 Rxf1+ 25. Rxf1 Qxd2 26. d4 Nd5 0-1

[Event "AUT-chT2O 1213"]
[Site "Austria"]
[Date "2013.03.09"]
[Round "8.6"]
[White "Allram, Sebastian"]
[Black "Wandl, Werner"]
[Result "1-0"]
[WhiteElo "1972"]
[BlackElo "2093"]
[PlyCount "97"]
[EventDate "2012.10.06"]
[EventType "team-tourn"]
[EventRounds "11"]
[EventCountry "AUT"]
[SourceTitle "EXT 2014"]
[Source "ChessBase"]
[SourceDate "2013.11.20"]
[SourceVersion "1"]
[SourceVersionDate "2013.11.20"]
[SourceQuality "1"]
[WhiteTeam "Hietzing"]
[BlackTeam "Eichgraben"]
[WhiteTeamCountry "AUT"]
[BlackTeamCountry "AUT"]

1. g3 d5 2. Bg2 Nf6 3. Nf3 e6 4. 0-0 Bd6 5. c4 c6 6. b3 e5 7. Bb2 Qe7 8. d3 0-0 9. Nc3 d4 10. Ne4 Nxe4 11. dxe4 c5 12. Nh4 g6 13. Bc1 Rd8 14. Qe1 Nc6 15. f4 f6 16. f5 g5 17. Nf3 h6 18. g4 Bd7 19. Qg3 Qg7 20. h4 Kf7 21. a3 Rg8 22. hxg5 hxg5 23. Bd2 Rh8 24. b4 cxb4 25. axb4 Bxb4 26. Bxb4 Nxb4 27. Nxd4 Nc6 28. Nb5 Kg8 29. Rfd1 Qe7 30. Qd3 Rd8 31. Qd5+ Kg7 32. Qd6 Qxd6 33. Nxd6 b6 34. Nb7 Nd4 35. Nxd8 Rxd8 36. e3 Nc6 37. Rd6 Kf7 38. Kf2 Ke7 39. c5 bxc5 40. Rd5 Nb4 41. Rd2 Ra8 42. Rh1 Bc6 43. Rh7+ Ke8 44. Bf1 Kf8 45. Bc4 Re8 46. Rf7+ Kg8 47. Rxf6+ Kg7 48. Rg6+ Kf8 49. f6 1-0

[Event "AUT-chT2O 1213"]
[Site "Austria"]
[Date "2012.11.18"]
[Round "4.6"]
[White "Allram, Sebastian"]
[Black "Sadilek, Maximilian"]
[Result "0-1"]
[WhiteElo "1972"]
[BlackElo "2165"]
[PlyCount "76"]
[EventDate "2012.10.06"]
[EventType "team-tourn"]
[EventRounds "11"]
[EventCountry "AUT"]
[SourceTitle "EXT 2014"]
[Source "ChessBase"]
[SourceDate "2013.11.20"]
[SourceVersion "1"]
[SourceVersionDate "2013.11.20"]
[SourceQuality "1"]
[WhiteTeam "Hietzing"]
[BlackTeam "Tschaturanga"]
[WhiteTeamCountry "AUT"]
[BlackTeamCountry "AUT"]

1. c4 g6 2. g3 Bg7 3. Bg2 Nf6 4. Nc3 0-0 5. d3 c6 6. e4 d5 7. cxd5 cxd5 8. e5 Nfd7 9. d4 Nb6 10. h4 h5 11. Nge2 Nc6 12. Nf4 Bg4 13. f3 Bf5 14. g4 hxg4 15. h5 Qd7 16. h6 Bxe5 17. dxe5 d4 18. h7+ Kh8 19. e6 Bxe6 20. Ne4 Bc4 21. b3 Ba6 22. Nd3 Bxd3 23. Qxd3 Ne5 24. Qf1 gxf3 25. Bf4 Qf5 26. Bxe5+ Qxe5 27. Qxf3 f5 28. 0-0-0 Rac8+ 29. Kb1 fxe4 30. Qxe4 Qxe4+ 31. Bxe4 e5 32. Bxg6 Nd5 33. Rc1 Nc3+ 34. Kb2 Rf6 35. Rhg1 Rf2+ 36. Rc2 Rxc2+ 37. Bxc2 e4 38. Rc1 Rf8 0-1

[Event "Latschach op 26th"]
[Site "Latschach"]
[Date "2010.08.18"]
[Round "6"]
[White "Allram, Sebastian"]
[Black "Sorcnik, Franc"]
[Result "1/2-1/2"]
[WhiteElo "1807"]
[BlackElo "2136"]
[PlyCount "40"]
[EventDate "2010.08.14"]
[EventType "swiss"]
[EventRounds "9"]
[EventCountry "AUT"]
[SourceTitle "CBM 138 Extra"]
[Source "ChessBase"]
[SourceDate "2010.10.29"]
[SourceVersion "1"]
[SourceVersionDate "2010.10.29"]
[SourceQuality "1"]

1. c4 Nf6 2. Nc3 d5 3. cxd5 Nxd5 4. Nf3 g6 5. g3 Bg7 6. Bg2 0-0 7. 0-0 c6 8. d4 Nb6 9. Bf4 N8d7 10. e4 Nf6 11. a4 a5 12. Qd3 Nh5 13. Bg5 h6 14. Be3 e5 15. Rfd1 Bg4 16. dxe5 Nd7 17. Qc2 Qe7 18. h3 Bxf3 19. Bxf3 Nxe5 20. Bg2 g5 1/2-1/2

[Event "AUT-ch U18"]
[Site "Velden"]
[Date "2010.03.31"]
[Round "6"]
[White "Sauper, Dorian Balthasar"]
[Black "Allram, Sebastian"]
[Result "1-0"]
[WhiteElo "1925"]
[BlackElo "1803"]
[PlyCount "107"]
[EventDate "2010.03.28"]
[EventType "swiss"]
[EventRounds "7"]
[EventCountry "AUT"]
[SourceTitle "CBM 135 Extra"]
[Source "ChessBase"]
[SourceDate "2010.05.04"]
[SourceVersion "1"]
[SourceVersionDate "2010.05.04"]
[SourceQuality "1"]

1. d4 Nf6 2. c4 e5 3. dxe5 Ng4 4. Nf3 Bc5 5. e3 Nc6 6. Be2 Ncxe5 7. Nxe5 Nxe5 8. 0-0 0-0 9. Nc3 d6 10. b3 Qg5 11. f4 Qh6 12. fxe5 Bxe3+ 13. Kh1 dxe5 14. Bxe3 Qxe3 15. Nd5 Qc5 16. b4 Qd6 17. c5 Qd8 18. Bc4 Be6 19. Qb3 c6 20. Ne3 Re8 21. Rad1 Qc7 22. Nf5 Bxc4 23. Qxc4 Rad8 24. Nd6 Re6 25. Rd3 Rf6 26. Rxf6 gxf6 27. Qg4+ Kf8 28. Rg3 Rxd6 29. cxd6 Qxd6 30. Qc8+ Ke7 31. Qxb7+ Ke6 32. Qc8+ Ke7 33. h3 e4 34. Qb7+ Ke6 35. Qc8+ Ke5 36. Qe8+ Kf5 37. Qg8 Ke6 38. Qg4+ f5 39. Qh4 Qxb4 40. Qh6+ f6 41. Qxh7 f4 42. Qg8+ Kf5 43. Qh7+ Ke6 44. Rg7 f3 45. Qg8+ Ke5 46. Qe8+ Kd4 47. Qd8+ Ke3 48. gxf3 Qc4 49. Qd1 Qd3 50. Qe1+ Kxf3 51. Rg3+ Kf4 52. Rxd3 exd3 53. Kg2 c5 54. Kf2 1-0

[Event "AUT-ch U18"]
[Site "Velden"]
[Date "2010.03.28"]
[Round "1"]
[White "Hartl, Daniel"]
[Black "Allram, Sebastian"]
[Result "1-0"]
[WhiteElo "2241"]
[BlackElo "1803"]
[PlyCount "65"]
[EventDate "2010.03.28"]
[EventType "swiss"]
[EventRounds "7"]
[EventCountry "AUT"]
[SourceTitle "CBM 135 Extra"]
[Source "ChessBase"]
[SourceDate "2010.05.04"]
[SourceVersion "1"]
[SourceVersionDate "2010.05.04"]
[SourceQuality "1"]

1. e4 c6 2. d4 d5 3. Nc3 dxe4 4. Nxe4 Nd7 5. Ng5 Ngf6 6. Bc4 e6 7. N1f3 h6 8. Nh3 Bd6 9. Bf4 Qa5+ 10. c3 Be7 11. Ne5 Nb6 12. Bb3 Nbd5 13. Bg3 Nxc3 14. bxc3 Qxc3+ 15. Kf1 0-0 16. Rc1 Qa5 17. Nf4 Rd8 18. Nh5 Nxh5 19. Qxh5 Rf8 20. Qf3 Qd2 21. Rd1 Qg5 22. h4 Qf6 23. Qe4 h5 24. Bc2 Qf5 25. Qe2 Qf6 26. Qxh5 Qh6 27. Qf3 a5 28. Kg1 Ra6 29. Bf4 Qh8 30. h5 Rb6 31. h6 g5 32. h7+ Kg7 33. Qh5 1-0